[Event "Paleochora op 11th"]
[Site "Paleochora"]
[Date "2018.07.18"]
[Round "1"]
[White "Barski, Radoslaw"]
[Black "Ontabasidis, Aristidis"]
[Result "1-0"]
[WhiteElo "2431"]
[BlackElo "1708"]
[PlyCount "85"]
[EventDate "2018.07.18"]
[EventType "swiss"]
[EventRounds "9"]
[EventCountry "GRE"]
[SourceTitle "CBM 186 Extra"]
[Source "ChessBase"]
[SourceDate "2018.08.24"]
[SourceVersion "1"]
[SourceVersionDate "2018.08.24"]
[SourceQuality "1"]

1. e4 c6 2. d4 d5 3. e5 Bf5 4. h4 h6 5. g4 Be4 6. f3 Bh7 7. e6 Qd6 8. exf7+ Kxf7 9. Bd3 Bxd3 10. Qxd3 Nd7 11. Ne2 e5 12. Nbc3 Re8 13. Be3 Ke7 14. 0-0-0 Kd8 15. Bf2 Ngf6 16. Bg3 Qb4 17. Bxe5 Nxe5 18. dxe5 Rxe5 19. a3 Qb6 20. Nd4 Bc5 21. Na4 Qa5 22. Nxc5 Qxc5 23. g5 Nh5 24. Qg6 Ng3 25. Qxg7 Rhe8 26. Qxb7 Ne2+ 27. Nxe2 Rxe2 28. Qb3 R8e3 29. c3 Rxf3 30. g6 Qe3+ 31. Kb1 Qe4+ 32. Ka2 Qxg6 33. Qb8+ Kd7 34. Qxa7+ Ke6 35. Rxd5 cxd5 36. Qa6+ Kf7 37. Qxe2 Qe4 38. Qd1 Rf2 39. Re1 Qxh4 40. Qxd5+ Kf8 41. Qd6+ Kf7 42. Qd7+ Kg8 43. Qe8+ 1-0

[Event "Paleochora op 9th"]
[Site "Paleochora"]
[Date "2016.07.20"]
[Round "1"]
[White "Ontabasidis, Aristidis"]
[Black "Nevednichy, Vladislav"]
[Result "0-1"]
[WhiteElo "1648"]
[BlackElo "2549"]
[PlyCount "76"]
[EventDate "2016.07.20"]
[EventType "swiss"]
[EventRounds "9"]
[EventCountry "GRE"]
[SourceTitle "EXT 2017"]
[Source "ChessBase"]
[SourceDate "2016.10.25"]
[SourceVersion "1"]
[SourceVersionDate "2016.10.25"]
[SourceQuality "1"]

1. e4 c5 2. Nf3 d6 3. d4 cxd4 4. Nxd4 Nf6 5. Nc3 Nc6 6. Nb3 e6 7. Bd3 a6 8. 0-0 b5 9. a3 Be7 10. Kh1 Bb7 11. f4 h5 12. Qf3 Ng4 13. Bd2 Rc8 14. Nd1 Bf6 15. c3 g5 16. Ne3 gxf4 17. Nxg4 hxg4 18. Qxf4 Ne5 19. Be2 Bg7 20. Qg3 Bxe4 21. Bxg4 Qh4 22. Qxh4 Rxh4 23. Be2 Ng4 24. Bxg4 Rxg4 25. Rf2 Be5 26. Kg1 Ke7 27. Raf1 f5 28. g3 Rh8 29. Bf4 Rxg3+ 30. Bxg3 Bxg3 31. Rd2 Bh4 32. Rfd1 Bg5 33. Rxd6 Be3+ 34. Kf1 Rxh2 35. Rd7+ Kf6 36. Nd4 e5 37. Rd6+ Kg5 38. Ne6+ Kg4 0-1

[Event "Paleochora op 8th"]
[Site "Paleochora"]
[Date "2015.07.22"]
[Round "7"]
[White "Mollema, Thomas"]
[Black "Ontabasidis, Aristidis"]
[Result "1-0"]
[WhiteElo "2200"]
[BlackElo "1534"]
[PlyCount "113"]
[EventDate "2015.07.17"]
[EventType "swiss"]
[EventRounds "9"]
[EventCountry "GRE"]
[SourceTitle "CBM 167 Extra"]
[Source "ChessBase"]
[SourceDate "2015.09.14"]
[SourceVersion "1"]
[SourceVersionDate "2015.09.14"]
[SourceQuality "1"]

1. f4 d5 2. Nf3 c5 3. g3 Nc6 4. a4 Nf6 5. Bg2 h6 6. d3 b6 7. 0-0 e6 8. Qe1 Bb7 9. Na3 d4 10. c3 Qd7 11. Bd2 Be7 12. Nc2 Rd8 13. h3 0-0 14. g4 Ne8 15. Na3 Ba8 16. Nc4 Qc7 17. Rc1 Qb8 18. Qf2 Nc7 19. Nfe5 Nxe5 20. Nxe5 Qc8 21. c4 Ne8 22. Bxa8 Qxa8 23. Qg2 Qxg2+ 24. Kxg2 Bd6 25. Nc6 Rd7 26. b4 Rc7 27. b5 Nf6 28. a5 Nd7 29. Ra1 Nb8 30. Nxb8 Rxb8 31. axb6 axb6 32. f5 exf5 33. Rxf5 Re7 34. Kf2 Rbe8 35. Re1 Ra8 36. e4 dxe3+ 37. Rxe3 Ra2 38. Rxe7 Bxe7 39. Ke1 Bh4+ 40. Kd1 Ra3 41. Rf3 Kf8 42. Bf4 Ke8 43. Be5 Bf6 44. Bxf6 gxf6 45. Rxf6 Rxd3+ 46. Kc2 Rxh3 47. Rxb6 Rh4 48. Rc6 Rxg4 49. Rxc5 Rg5 50. Rc7 f5 51. b6 Kd8 52. c5 f4 53. c6 Rb5 54. Rd7+ Kc8 55. b7+ Kb8 56. Rd8+ Kc7 57. Rc8+ 1-0

[Event "Mediterranean Cup 9th"]
[Site "Chania"]
[Date "2014.09.08"]
[Round "8"]
[White "Ashiku, Franc"]
[Black "Ontabasidis, Aristidis"]
[Result "1-0"]
[WhiteElo "2292"]
[BlackElo "1592"]
[PlyCount "49"]
[EventDate "2014.09.03"]
[EventType "swiss"]
[EventRounds "9"]
[EventCountry "GRE"]
[SourceTitle "CBM 162 Extra"]
[Source "ChessBase"]
[SourceDate "2014.10.17"]
[SourceVersion "1"]
[SourceVersionDate "2014.10.17"]
[SourceQuality "1"]

1. e4 c6 2. d4 d5 3. f3 dxe4 4. fxe4 Nf6 5. e5 Bg4 6. Be2 Bxe2 7. Nxe2 Nd5 8. c4 Nb6 9. Qb3 Qc7 10. Nbc3 e6 11. c5 Nd5 12. Ne4 Nd7 13. 0-0 Be7 14. Qg3 g6 15. Bg5 0-0 16. Qh4 Bxg5 17. Nxg5 h5 18. Ng3 Kg7 19. Nxh5+ gxh5 20. Qxh5 N7f6 21. exf6+ Nxf6 22. Rxf6 Kxf6 23. Rf1+ Ke7 24. Rxf7+ Rxf7 25. Qxf7+ 1-0

[Event "Mediterranean-ch U20"]
[Site "Crete"]
[Date "2013.09.02"]
[Round "9"]
[White "Sandalakis, Nikolaos"]
[Black "Ontabasidis, Aristidis"]
[Result "1-0"]
[WhiteElo "1961"]
[BlackElo "1605"]
[PlyCount "109"]
[EventDate "2013.08.27"]
[EventType "swiss"]
[EventRounds "9"]
[EventCountry "GRE"]
[SourceTitle "CBM 156 Extra"]
[Source "ChessBase"]
[SourceDate "2013.10.22"]
[SourceVersion "1"]
[SourceVersionDate "2013.10.22"]
[SourceQuality "1"]

1. e4 c6 2. Nc3 d5 3. Nf3 dxe4 4. Nxe4 Bg4 5. h3 Bxf3 6. Qxf3 Nd7 7. d4 e6 8. Bd3 Ngf6 9. c3 Be7 10. 0-0 Nxe4 11. Qxe4 Nf6 12. Qe2 0-0 13. Rd1 Qc7 14. c4 Rfd8 15. Bc2 c5 16. dxc5 Bxc5 17. Bg5 Be7 18. a3 h6 19. Bd2 Rac8 20. Rac1 Kf8 21. Bb1 Bd6 22. Qf3 Be5 23. Ba2 Qc6 24. Qxc6 bxc6 25. Bb4+ Kg8 26. Rxd8+ Rxd8 27. b3 Bc7 28. Bb1 a5 29. Bc3 Nd7 30. Rd1 Nc5 31. Rxd8+ Bxd8 32. Bc2 Bb6 33. b4 axb4 34. axb4 Nb7 35. Be4 Nd8 36. Be5 f6 37. Bb8 c5 38. Bd6 cxb4 39. c5 f5 40. cxb6 fxe4 41. Bxb4 Kf7 42. Kf1 e5 43. Ke2 Nc6 44. Bc5 Ke6 45. Ke3 Kd5 46. Bf8 Nd4 47. b7 Nc6 48. Bxg7 h5 49. Bf8 Nb8 50. g4 hxg4 51. hxg4 Nd7 52. Bg7 Nb8 53. g5 Nd7 54. g6 Ke6 55. Bxe5 1-0

[Event "Mediterranean-ch U20 4th"]
[Site "Chania"]
[Date "2012.09.02"]
[Round "8"]
[White "Tzemanakis, Nikolaos"]
[Black "Ontabasidis, Aristidis"]
[Result "0-1"]
[WhiteElo "1246"]
[BlackElo "1586"]
[PlyCount "116"]
[EventDate "2012.08.28"]
[EventType "swiss"]
[EventRounds "9"]
[EventCountry "GRE"]
[SourceTitle "CBM 150 Extra"]
[Source "ChessBase"]
[SourceDate "2012.10.19"]
[SourceVersion "1"]
[SourceVersionDate "2012.10.19"]
[SourceQuality "1"]

1. e4 c6 2. Nf3 d5 3. exd5 cxd5 4. Bb5+ Bd7 5. Bxd7+ Qxd7 6. 0-0 e6 7. d4 Nf6 8. Nc3 Nc6 9. Be3 Be7 10. Nd2 0-0 11. Nb3 Rfc8 12. f4 a6 13. Na4 Qc7 14. Qf3 Na5 15. Nxa5 Qxa5 16. Nc3 b5 17. Qd1 b4 18. Ne2 Rc7 19. f5 Rac8 20. Nc1 Rxc2 21. Nb3 Qb5 22. Rf2 Rxf2 23. Bxf2 exf5 24. Rc1 Rxc1 25. Qxc1 Qc4 26. Qxc4 dxc4 27. Nc5 Bxc5 28. dxc5 Kf8 29. c6 Ke8 30. Bb6 Nd5 31. Bd4 f6 32. Kf2 Ne7 33. c7 Kd7 34. Bc5 Nd5 35. Bd6 Nxc7 36. Bxb4 Ke6 37. Ke3 Nd5+ 38. Kd4 Nxb4 39. a3 Nd5 40. Kxc4 Ne3+ 41. Kd3 Nxg2 42. b4 Nf4+ 43. Ke3 Nd5+ 44. Kd4 g5 45. Kc4 Ke5 46. Kd3 f4 47. Ke2 Ke4 48. Kf2 h5 49. Ke2 g4 50. Kf2 h4 51. Ke2 g3 52. hxg3 hxg3 53. Kf1 Kf3 54. Kg1 Ke2 55. a4 f3 56. b5 Ne3 57. bxa6 f2+ 58. Kh1 f1Q# 0-1

[Event "GRE-chT 40th"]
[Site "Achaia"]
[Date "2012.07.01"]
[Round "2.1"]
[White "Apostolakakis, Konstantinos"]
[Black "Ontabasidis, Aristidis"]
[Result "1-0"]
[WhiteElo "1743"]
[BlackElo "1588"]
[PlyCount "97"]
[EventDate "2012.06.30"]
[EventType "team-swiss"]
[EventRounds "7"]
[EventCountry "GRE"]
[SourceTitle "CBM 149 Extra"]
[Source "ChessBase"]
[SourceDate "2012.08.24"]
[SourceVersion "1"]
[SourceVersionDate "2012.08.24"]
[SourceQuality "1"]
[WhiteTeam "Kavalas"]
[BlackTeam "Chania Kydon"]
[WhiteTeamCountry "GRE"]
[BlackTeamCountry "GRE"]

1. e4 c6 2. d4 d5 3. e5 Bf5 4. h4 Qc8 5. Be2 h6 6. g4 Bg6 7. Nh3 e6 8. Nf4 Bh7 9. Bd3 Bxd3 10. Qxd3 c5 11. Be3 Nd7 12. c3 cxd4 13. cxd4 Nb6 14. Nc3 Nc4 15. b3 Nxe3 16. fxe3 Qc6 17. Rc1 Rc8 18. Kf2 Qd7 19. Nfe2 Ne7 20. Nb5 Nc6 21. Nbc3 Ba3 22. Rcf1 a6 23. Kg3 b5 24. Rf2 Qc7 25. Rhf1 Nd8 26. Nb1 Be7 27. Nf4 Kd7 28. e4 Qc6 29. exd5 exd5 30. Qf5+ Ne6 31. Qxf7 Nxf4 32. Rxf4 Rhf8 33. Qxg7 Rxf4 34. Rxf4 Qc2 35. e6+ Kxe6 36. Qe5+ Kd7 37. Qxd5+ Ke8 38. Qe4 Qxe4 39. Rxe4 Rc2 40. Re3 Rxa2 41. Nc3 Rd2 42. Nd5 Rxd4 43. Nxe7 Kd7 44. Nf5 Rb4 45. Nxh6 a5 46. Nf5 a4 47. bxa4 bxa4 48. h5 Rb3 49. h6 1-0

[Event "GRE-ch U12"]
[Site "Rio Achaia"]
[Date "2012.06.27"]
[Round "5.3"]
[White "Ontabasidis, Aristidis"]
[Black "Apostolakakis, Konstantinos"]
[Result "0-1"]
[WhiteElo "1588"]
[BlackElo "1743"]
[PlyCount "98"]
[EventDate "2012.06.24"]
[EventType "swiss"]
[EventRounds "7"]
[EventCountry "GRE"]
[SourceTitle "EXT 2024"]
[Source "ChessBase"]
[SourceDate "2023.10.10"]
[SourceVersion "1"]
[SourceVersionDate "2023.10.10"]
[SourceQuality "1"]

1. e4 c5 2. Nf3 d6 3. Bb5+ Nd7 4. c3 Ngf6 5. Qe2 a6 6. Ba4 b5 7. Bc2 e6 8. 0-0 Be7 9. d4 cxd4 10. cxd4 0-0 11. Nc3 Bb7 12. Bg5 h6 13. Bf4 Qc7 14. Rac1 Nh5 15. Bd2 Qd8 16. Rfe1 Nhf6 17. e5 Bxf3 18. gxf3 dxe5 19. dxe5 Nxe5 20. Bxh6 Nc4 21. Rcd1 Qc7 22. Bc1 Rac8 23. Bb3 Bd6 24. h3 Bb4 25. Bxc4 bxc4 26. Qe5 Qc6 27. Qe3 Nd5 28. Qd4 Rfd8 29. Qe5 Bd6 30. Qe4 Re8 31. Qg4 f5 32. Qg2 Nb4 33. Kh1 Nd3 34. Rg1 Rc7 35. Bh6 Ree7 36. Bc1 Qb6 37. Qg6 Nxf2+ 38. Kg2 Nxd1 39. Rxd1 Rc8 40. Qg5 Rf8 41. Re1 Rf6 42. Kh1 Qf2 43. Re2 Qf1+ 44. Qg1 Qxh3+ 45. Rh2 Bxh2 46. Qxh2 Qxf3+ 47. Qg2 Qxg2+ 48. Kxg2 Rg6+ 49. Kf2 Rd7 0-1

[Event "GRE-chT 39th"]
[Site "Eretria"]
[Date "2011.07.08"]
[Round "7.3"]
[White "Capone, Nicola"]
[Black "Ontabasidis, Aristidis"]
[Result "1-0"]
[WhiteElo "2005"]
[BlackElo "1513"]
[PlyCount "71"]
[EventDate "2011.07.03"]
[EventType "team-swiss"]
[EventRounds "7"]
[EventCountry "GRE"]
[SourceTitle "CBM 143 Extra"]
[Source "ChessBase"]
[SourceDate "2011.08.29"]
[SourceVersion "1"]
[SourceVersionDate "2011.08.29"]
[SourceQuality "1"]
[WhiteTeam "Korydallos"]
[BlackTeam "Chania Kydon"]
[WhiteTeamCountry "GRE"]
[BlackTeamCountry "GRE"]

1. e4 e5 2. Nf3 Nc6 3. Bc4 Bc5 4. c3 Nf6 5. d3 d6 6. 0-0 a6 7. Bb3 Ba7 8. Re1 0-0 9. Nbd2 Ne7 10. Nf1 Ng6 11. h3 h6 12. Ng3 Re8 13. d4 exd4 14. cxd4 c6 15. Qd3 Bd7 16. e5 Nd5 17. Nf5 Bxf5 18. Qxf5 dxe5 19. dxe5 Qc8 20. Qc2 Qd7 21. Bd2 Rad8 22. Rad1 Qc8 23. Re2 Bb8 24. Rde1 Re7 25. e6 Nf8 26. exf7+ Rxf7 27. Ne5 Bxe5 28. Rxe5 Qb8 29. Bc3 Kh8 30. Rh5 Qd6 31. Be5 Qb4 32. Re4 Qb6 33. Rxh6+ Kg8 34. Rh5 Qa7 35. Reh4 Rfd7 36. Qf5 1-0